| 000 | 01113cam a2200277 a 4500 | ||
|---|---|---|---|
| 001 | 000011547 | ||
| 005 | 20200929162503.0 | ||
| 008 | 891205s1986 ck a b 000 0 spa | ||
| 010 | _a86227155 | ||
| 020 | _a9586120120 | ||
| 040 |
_aDO-SdBNP _cDLC _dDLC |
||
| 043 | _as-ck--- | ||
| 050 | 0 | 0 |
_aF2270.2.G8 _bA73 1986 |
| 100 | 2 |
_aArdila Diaz, Isaias. _927314 |
|
| 245 | 1 | 3 |
_aEl pueblo de los guanes : _braiz gloriosa de Santander / _cIsaias Ardila Diaz. |
| 250 | _a2a ed. | ||
| 260 |
_aBogota : _bInstituto Colombiano de Cultura, Subdireccion de Comunicaciones Culturales, Division de Publicaciones, _cc1986. |
||
| 300 |
_a550 p. : _bill. ; _c22 cm. |
||
| 440 | 0 |
_aColeccion Autores nacionales ; _v3a ser., no. 4 _927315 |
|
| 504 | _a"Biobibliografia": p. 539-544. | ||
| 650 | 0 |
_aGuane indians _xGovernment relations. _927316 |
|
| 650 | 0 |
_aGuane indians _xHistory. _927317 |
|
| 650 | 0 |
_aIndians of south america _zColombia _zSantander (Dept.{Rpara} _xHistory. _927318 |
|
| 650 | 0 |
_aIndians of south america _zColombia _zSantander (Dept.{Rpara} _xGovernment relations. _927319 |
|
| 910 | _aCatalogación por copia / LC | ||
| 999 |
_c11242 _d11242 |
||